Score 0/20 Timer 03:00
0 Plays Today
Hint Answer % Correct
SpongeBob ______SquarePants
94.1%
______ Arnold!Hey
91.4%
What's New, ______-Doo?Scooby
91%
The Ren & ______ ShowStimpy
87.8%
______ BravoJohnny
84.5%
The ______ OddParentsFairly
84.4%
Pinky and the ______Brain
83.2%
Kim ______Possible
82.8%
______ LaboratoryDexter's
82.7%
Courage the ______ DogCowardly
75%
Hint Answer % Correct
The ______ GirlsPowerpuff
71.5%
______ : The Last AirbenderAvatar
71.4%
Star Wars: ______ WarsClone
66.6%
Cow and ______Chicken
63.5%
Invader ______Zim
55%
The Angry ______ Beavers
52%
Codename: ______ Next DoorKids
50.4%
Foster's Home for ______ FriendsImaginary
47.4%
The ______ Adventures of Billy & MandyGrim
39%
My Life as a Teenage ______Robot
34.9%

Today's Daily Dose

Remove Ads.
Support Sporcle.
Get the best of Sporcle when you Go Orange. This ad-free experience offers more features, more stats, and more fun while also helping to support Sporcle. Thank you for becoming a member.

You're not logged in!

Compare scores with friends on all Sporcle quizzes.
OR
Log In

Show Comments

Extras

Top Quizzes Today


Score Distribution

Your Account Isn't Verified!

In order to create a playlist on Sporcle, you need to verify the email address you used during registration. Go to your Sporcle Settings to finish the process.

Report this User

Report this user for behavior that violates our Community Guidelines.

Details: